000 00707nam a2200289Ia 4500
005 20260324135335.0
008 008 260324s9999 xx 000 0 eng d
020 _a9781315500096
037 _aEBOOK
040 _aCRL
040 _beng
040 _cCRL
041 _2eng
041 _aeng
084 _qCRL
100 _aGeorges De Menil; Anders Aslund
_91200244
245 0 _aEconomic Reform in Ukraine: The Unfinished Agenda
245 4 _bThe Unfinished Agenda
260 _bTaylor and Francis
260 _c2000
365 _a
365 _b255
856 _uhttp://www.taylorfrancis.com/books/9781315500096
942 _cEBOOK
999 _c1801195
_d1801195